LEADER 01359aam 2200397I 450 001 9910710284503321 005 20160121100808.0 024 8 $aGOVPUB-C13-f1b296606fdb0ca4fc4b4ba55b7083dc 035 $a(CKB)5470000002476438 035 $a(OCoLC)935499193 035 $a(EXLCZ)995470000002476438 100 $a20160121d1979 ua 0 101 0 $aeng 181 $2rdacontent 182 $2rdamedia 183 $2rdacarrier 200 10$aCollaborative reference program for paper $ereport no. 60G /$fR. G. Powell; J. Horlick 210 1$aGaithersburg, MD :$cU.S. Dept. of Commerce, National Institute of Standards and Technology,$d1979. 215 $a1 online resource 225 1 $aNBSIR ;$v79-1806 300 $a1979. 300 $aContributed record: Metadata reviewed, not verified. Some fields updated by batch processes. 300 $aTitle from PDF title page. 320 $aIncludes bibliographical references. 517 $aCollaborative reference program for paper 700 $aPowell$b R. G$01386938 701 $aHorlick$b J$01386491 701 $aPowell$b R. G$01386938 712 02$aUnited States.$bNational Bureau of Standards. 801 0$bNBS 801 1$bNBS 801 2$bGPO 906 $aBOOK 912 $a9910710284503321 996 $aCollaborative reference program for paper$93441856 997 $aUNINA LEADER 02776nam 2200673I 450 001 9910959287503321 005 20251117095040.0 010 $a0-429-97363-2 010 $a0-429-96255-X 010 $a0-429-49400-9 010 $a1-78539-516-5 010 $a1-281-81962-X 010 $a9786613791726 010 $a0-8133-4560-X 035 $a(CKB)2550000000083545 035 $a(EBL)845420 035 $a(OCoLC)774275961 035 $a(SSID)ssj0000589497 035 $a(PQKBManifestationID)12270987 035 $a(PQKBTitleCode)TC0000589497 035 $a(PQKBWorkID)10656050 035 $a(PQKB)11374937 035 $a(Au-PeEL)EBL845420 035 $a(CaPaEBR)ebr10526173 035 $a(CaONFJC)MIL379172 035 $a(OCoLC)1029248026 035 $a(FlBoTFG)9780429494000 035 $a(MiAaPQ)EBC845420 035 $a(EXLCZ)992550000000083545 100 $a20181112h20182015 uy 0 101 0 $aeng 135 $aur||| ||||| 181 $ctxt 182 $cc 183 $acr 200 10$aContemporary Issues in Leadership /$fby William E. Rosenbach 205 $a7th ed. 210 1$aBoca Raton, FL :$cRoutledge,$d[2018]. 210 4$dİ2015. 215 $a1 online resource (321 p.) 300 $aDescription based upon print version of record. 311 08$a0-367-31968-3 311 08$a0-8133-4557-X 320 $aIncludes bibliographical references and index. 327 $apt. 1. Heart -- pt. 2. Relationships -- pt. 3. Journey -- pt. 4. Hazards -- pt. 5. Soul. 330 3 $aThis popular anthology continues its interdisciplinary approach to the topic of leadership and draws together new material describing the chief concerns facing leaders today. William Rosenbach and Robert Taylor t have collected the latest essays to clearly communicate the contradictions and paradoxes of leadership from historical to contemporary perspectives and global to individual considerations. The interdisciplinary approach to presentations of cutting-edge research and applications of leadership set this book apart from other collections. The book reemphasizes followership as an integral component of leadership, discusses the importance of leaders as mentors, helps navigate the hazards of leadership, and introduces a number of topics that will stimulate discussion. 606 $aLeadership 615 0$aLeadership. 676 $a303.3/4 700 $aRosenbach$b William E.$01109692 701 $aRosenbach$b William E$01109692 701 $aTaylor$b Robert L$g(Robert Lewis),$f1939-$01873363 701 $aYoundt$b Mark A$01873364 801 0$bFlBoTFG 801 1$bFlBoTFG 906 $aBOOK 912 $a9910959287503321 996 $aContemporary Issues in Leadership$94483409 997 $aUNINA